V mateřské škole se utvářejí základy osobnosti dítěte

Bibliographic Details
Main Author: Štégnerová, K. (Author)
Format: Article
Language:Czech

MARC

LEADER 00000nab a2200000uu 4500
001 vtls011437655
003 SK-MaSNL
005 20260303145620.0
008 230222| xo |||||||||||||||||cze|
015 |a SNBRB 
035 |a (urnnbn)urn:nbn:sk:snk:ar-002ku7 
035 |a (uuid)ee0c20ec-84ca-4219-8680-81e4c064bf44 
035 |a urn:nbn:sk:snk-abccri 
040 |a SNKBUCL  |b slo  |c SNKBUCL  |e AACR2 
041 0 |a cze 
044 |a xo  |c SK 
100 1 |a Štégnerová, K.  |4 aut  |9 1168280 
245 1 0 |a V mateřské škole se utvářejí základy osobnosti dítěte  |c K. Štégnerová 
773 0 |t Predškolská výchova : pedagogický časopis pre učiteľky materských škôl  |g Roč. 34, č. 12 (1979-1980), s. 327-329 
958 |a OND 
958 |a EUIPO 
958 |a article16 
999 |c 2004113  |d 2006043